Countries where bananas are mostly grown? - Statistics

General Stats
  • This quiz has been taken 16 times
  • The average score is 11 of 15
Answer Stats
Hint Answer % Correct
South america Brazil
100%
Asia India
100%
North america Mexico
100%
South america Colombia
93%
Asia Indonesia
93%
Asia China
86%
South america Ecuador
86%
Asia Vietnam
86%
Africa Kenya
71%
Africa Tanzania
71%
North america Costa rica
64%
North america Guatemala
64%
Africa Angola
50%
Africa Rwanda
50%
Asia Phillipines
0%
No matching quizzes found
Score Distribution
Percent of People with Each Score
Percentile by Number Answered
Your Score History
You have not taken this quiz